00680nam a2200193 4500001000700000003000900007005001700016007000300033008004100036100003400077245004900111260005700160300002200217490003300239830004100272852003200313999001900345952012200364139624ES-MaACL20230906195845.0t|070214s1972 sp r ||||1| spa d1 aSchenk, Juan Eduardo.910430313aLa Iglesia busca caminos / cJuan E. Schenk. aValencia : bComercial Ed. de Publicaciones, c1972. a236 p. ; c22 cm.1 aCuadernos de Pastoral ; v500 aCuadernos de Pastoral ; v509187018 aES-MaACLjC-54248 bR.80846 c139624d139624 00104070aATENEOMbATENEOMcDEPO2d2008-01-17eSCl0oC-54248p1145299r2023-02-23 00:00:00w2023-02-23yMONOGRAFIA